000 00490nam a22001097a 4500
008 150714b xxu||||| |||| 00| 0 eng d
010 _8HCCRS ARF:027
245 _aHIGH COURT CRIMINAL SESSION NO.106 OF 1974 Uganda Vs J.Omondi (A1) Peter Nswale (A2) Aliasi (A3)
260 _aHigh Court Kampala
500 _3(original criminal Case No.ML.98 of 1973 of the Chief Magistrate's court of Lira Before:Z.Ekirapa , Esq., Magistrate Grade 1)
500 _3Before: Hon. Mr. Ag. Justice S.T.Manyindo
999 _c7784
_d7784